Hino Rio-Grandense - Statistics

Estatísticas Gerais
  • Esse quiz foi jogado 85 vezes
  • A pontuação média é 74 de 82
Estatísticas das Respostas
Palavra % Correto
a
100%
a
100%
a
100%
a
100%
a
100%
e
98%
e
98%
e
98%
o
98%
o
98%
da
94%
da
94%
de
94%
de
94%
de
94%
de
94%
de
94%
aurora
92%
constância
92%
constância
92%
Foi
92%
setembro
92%
vinte
92%
façanhas
91%
façanhas
91%
façanhas
91%
farol
91%
ímpia
91%
ímpia
91%
liberdade
91%
modelo
91%
modelo
91%
modelo
91%
modelo
91%
nossas
91%
nossas
91%
nossas
91%
Sirvam
91%
sirvam
91%
Sirvam
91%
terra
91%
terra
91%
terra
91%
terra.
91%
toda
91%
toda
91%
toda
91%
toda
91%
guerra
89%
guerra
89%
injusta
89%
injusta
89%
Mostremos
89%
Mostremos
89%
não
89%
não
89%
valor
89%
valor
89%
nesta
87%
nesta
87%
povo
87%
que
87%
basta
85%
do
85%
por
85%
pra
85%
precursor
85%
ser
85%
ser
85%
ser
85%
tem
85%
virtude
85%
acaba
83%
escravo
83%
forte
83%
livre
83%
Mas
83%
bravo
79%
Como
79%
divindade
79%
aguerrido
77%
precursora
77%
Nenhum quiz correspondente encontrado
Distribuição das Pontuações
Porcentagem de Pessoas com Cada Pontuação
Percentil de Números Respondidos
Sua Pontuação Histórica
Você não jogou esse quiz